Miasta w Uni Europejskiej powyżej 1 miliona mieszkańców - Statystyki

Ogólne statystyki
  • Ten quiz został rozwiązany 198 razy
  • Średni wynik to 14 z 15
Statystyki odpowiedzi
Państwo Miasto % Poprawnych
1. Niemcy (3 748 148) Berlin
100%
2. Hiszpania (3 182 981 ) Madryt
99%
4. Francja (2 206 488) Paryż
99%
3. Włochy (2 865 234 ) Rzym
99%
8. Polska (1 790 658) Warszawa
99%
5. Austria (1 888 776) Wiedeń
98%
10. Hiszpania (1 620 809) Barcelona
97%
9. Węgry (1 749 734) Budapeszt
97%
13. Czechy (1 294 513 ) Praga
97%
6. Rumunia (1 877 155) Bukareszt
96%
14. Bułgaria (1 290 502) Sofia
94%
11. Niemcy (1 456 039) Monachium
91%
7. Niemcy (1 830 584) Hamburg
87%
12. Włochy (1 372 810) Mediolan
85%
15. Niemcy (1 080 394) Kolonia
67%
Nie znaleziono quizów pasujących do podanych kryteriów
Rozkład punktacji
Procent ludzi z każdym wynikiem
Percentyl według liczby udzielonych odpowiedzi
Twoja historia wyników
Nie rozwiązałeś tego quizu